Programmation linéaire et gestion économique
Gorde:
| Egile Nagusiak: | , , |
|---|---|
| Formatua: | Liburua |
| Hizkuntza: | frantsesa |
| Argitaratua: |
París
Dunod
1962
|
| Saila: | Organization et Gestion Scientifiques, 7
|
| Gaiak: | |
| Etiketak: |
Etiketa erantsi
Etiketarik gabe, Izan zaitez lehena erregistro honi etiketa jartzen!
|
MARC
| LEADER | 00000nam a2200000 a 4500 | ||
|---|---|---|---|
| 001 | UCQ8920 | ||
| 003 | CL-VaPUC | ||
| 008 | 981217e19620000FR |||||||||||||||||fre|d | ||
| 082 | 0 | 4 | |a 519.72 |b DOR |2 21 |
| 100 | 0 | |a Dorfman, Robert |e author |9 423234 | |
| 700 | 0 | |a Samuelson, Paul Anthony |e author |9 423235 | |
| 700 | 0 | |a Solow, Robert M |e author |9 423236 | |
| 245 | 1 | 0 | |a Programmation linéaire et gestion économique |
| 300 | |a 550 p | ||
| 942 | |c BK | ||
| 945 | |d 19981217 00:00:00 |a crobeson | ||
| 260 | |a París |b Dunod |c 1962 | ||
| 650 | 0 | |a Programación lineal |9 23 | |
| 650 | 7 | |a ECONOMIA MODELOS MATEMATICOS |2 CL-VaPUC |9 264376 | |
| 650 | 7 | |a ORGANIZACION INDUSTRIAL TEORIA ECONOMICA |2 CL-VaPUC |9 270352 | |
| 583 | |a last modification |c 19981217 00:00:00 |k Rodrigo Vera | ||
| 490 | 0 | |a Organization et Gestion Scientifiques, 7 | |
| 999 | |c 278085 |d 278083 | ||
| 952 | |0 0 |1 0 |4 0 |6 519_720000000000000_DOR_1962 |7 0 |8 A |9 316429 |a BIBMAT |b BIBMAT |d 2019-11-20 |i 1310011 |o 519.72 DOR 1962 |p 1310011 |r 2025-01-07 |w 2019-11-20 |y BK |k MAT | ||